00485nam a2200157Ia 4500008004100000020001400041082001600055100002200071245006400093250000700157260004500164300002800209500001900237600002100256650005000277240925s9999 xx 000 0 und d a135840465 a004.165 STE aStewart ,James W. 4aThe 8051 Microcontroller: hardware,software and interfacing aNA aNew Jersey:bPrintice- Hall Int.c,1993. ali,1611p.bNAfOriginal aIncludes Index aComputer Science aComputer science, information & general works